Once more /

Uloženo v:
Podrobná bibliografie
Další autoři: Giorgetti, Florence, Rocard, Pascale
Médium: Video
Jazyk:italština
Vydáno: Prato : General Video, P1989
Tagy: Přidat tag
Žádné tagy, Buďte první, kdo vytvoří štítek k tomuto záznamu!

MARC

LEADER 00000ngm a22000007i 4500
001 IT\ICCU\UBO\3364654
003 ItRI
005 20260124182920.0
008 080131s1989 it |||||||||||||||k|||||c
028 4 2 |a 021994 
040 |b ita 
041 7 |a ita  |2 ISO-639-2 
130 0 |a Once more <film ; 1987>  |3 IT\ICCU\UBO\3364663 
245 0 0 |a Once more /  |c regia di Paul Vecchiali. 
246 1 1 |a Ancora  |9 IT\ICCU\UBO\3364662 
260 |a Prato :  |b General Video,  |c P1989 
300 |a 1 videocassetta (VHS) (87 min.) :  |b color., son 
500 |a Tit. del contenitore 
500 |a Film del 1987, prod. Francia; interpreti: Jean-Louis Rolland, Florence Giorgetti, Pascale Rochard 
500 |a Vietato ai minori di 18 anni. 
700 1 |a Giorgetti, Florence  |0 IT\ICCU\RAVV\362954 
700 1 |a Rocard, Pascale  |0 IT\ICCU\UBOV\221543 
942 |2 ddc  |c VM  |n 0 
952 |0 0  |1 0  |4 0  |6 VO_188_000000000000000  |7 0  |9 28005  |a BO  |b BO  |d 2026-01-24  |i 6379  |l 0  |o VO 188  |p BO6379  |r 2026-01-24 18:29:20  |w 2026-01-24  |x [Sebina 5] [1 videocassetta]  |y VM  |z 1 videocassetta 
999 |c 23734  |d 23734